Chemical property estimation : theory and application

Αποθηκεύτηκε σε:
Λεπτομέρειες βιβλιογραφικής εγγραφής
Κύριος συγγραφέας: Baum, Edward J.
Μορφή: Βιβλίο
Γλώσσα:English
Δημοσίευση: Boca Raton : Lewis Publishers, 1998
Θέματα:
Ετικέτες: Προσθήκη ετικέτας
Δεν υπάρχουν, Καταχωρήστε ετικέτα πρώτοι!

MARC

LEADER 00000nam a2200000 i 4500
001 1/87057
008 080529s1998 eng d
020 |a 0-87371-938-7 
035 |l 10097787 
040 |a GR-MY-UA  |b gre  |e aacr 
041 0 |a eng 
082 0 |a 628.5  |2 (22) 
100 1 |a Baum, Edward J. 
245 1 0 |a Chemical property estimation :  |b theory and application /  |c Edward J. Baum 
260 |a Boca Raton :   |b Lewis Publishers,   |c 1998 
300 |a 386 σ.;  |b πίν., σχ.;  |c 24 εκ. 
504 |a Ευρετήριο: σ. 371-386 
650 0 0 |a Pollutants  |x Analysis. 
852 |a INST  |b LESVOS  |e 20080529  |h 628.5 BAU  |p 005100042575  |q 005100042575  |t BK  |y 0 
901 |a BIBL1-2008-2 
909 |a Λ  |b 151578 
922 |a 1ΕΛΗ  |b 200803  |c ΕΠΕΑΕΚ2/ΤΕΘ  |d ΕΛΕΥΘΕΡΟΥΔΑΚΗΣ 
970 |a ΧΑΤΖΗΜΙΧΑΗΛ  |b ΜΑΡΙΑ  |z 2008/05/21